Online Catalogue and eLibrary

Politics, morality, identity : (Record no. 519)

MARC details
000 -LEADER
fixed length control field 00565cam a2200205 i 4500
001 - CONTROL NUMBER
control field 16342199
005 - DATE AND TIME OF LATEST TRANSACTION
control field 20240229045030.0
008 - FIXED-LENGTH DATA ELEMENTS--GENERAL INFORMATION
fixed length control field 100721s2004 ii b 000 0 eng
040 ## - CATALOGING SOURCE (பட்டியலாக்க மூலம்)
Original cataloging agency DLC
Language of cataloging eng
Transcribing agency DLC
Modifying agency DLC
Description conventions rda
082 ## - DDC Classification
DDC Edition Number 22
Class No. 323.
Item Number - Author Mark POL.
100 1# - MAIN ENTRY--PERSONAL NAME
Personal name Pratap, Vijay.
245 10 - TITLE STATEMENT
Title Politics, morality, identity :
Remainder of title an intimate quest /
Statement of responsibility, etc. Vijay Pratap .
250 ## - EDITION STATEMENT
Edition statement First edition.
260 ## - PUBLICATION, DISTRIBUTION, ETC.
Place of publication, distribution, etc. New Delhi :
Name of publisher, distributor, etc. Vasudhaiva Kutumbakam /
Date of publication, distribution, etc. 2004.
300 ## - PHYSICAL DESCRIPTION
Extent (e.g. Volumes, Pages etc.) 85 pages ;
650 #0 - SUBJECT ADDED ENTRY--TOPICAL TERM
Topical term or geographic name entry element Democracy
650 #0 - SUBJECT ADDED ENTRY--TOPICAL TERM
Topical term or geographic name entry element Socialism
700 1# - ADDED ENTRY--PERSONAL NAME
Personal name Jha, Rajesh K.,
Relator term (Role) Editor
942 ## - Koha item type (Biblio)
Koha item type Books in Stacks (Lending)
Holdings
Lost status Damaged status Collection code Home library Current library Date acquired Full call number Accession Number Item type
    Lending WERC Library WERC Library 02/29/2024 323. POL. 4921 Books in Stacks (Lending)

© WERC Library